| 000 | 00537 a2200193 4500 | ||
|---|---|---|---|
| 001 | 61580 | ||
| 005 | 20260407155906.0 | ||
| 008 | 260407a1949 arg spa d | ||
| 003 | AR-UNSa-BCEJYS | ||
| 040 |
_aAR-UNSa-BCEJYS _bspa _cAR-UNSa-BCEJYS |
||
| 080 |
_a347.7 _xDerecho Mercantil. Derecho Comercial |
||
| 245 | 1 | 0 | _aPanorama del derecho comercial |
| 264 | 1 |
_aBuenos Aires : _bDepalma _c1949 |
|
| 300 |
_a189 p. _c24 cm. |
||
| 041 | _aspa | ||
| 942 | _cBK | ||
| 590 | _aniveau_biblio:m niveau_hierar:0 | ||
| 100 | 1 | _aAscarelli, Tullio | |
| 999 |
_c7337 _d7337 |
||